00403nam a2200133Ia 4500020001800000082002100018245005800039260004000097300001300137504001900150650004200169650003500211700002300246 a9788183700810 a305.8009541 ETH- 0aEthnic relations among the people of North-East India aNew DelhibAkansha Publishingc2006 axii, 107 aincludes index aEthnic RelationszIndia, Northeastern aEthnicityzIndia, Northeastern aSingh, N. Joykumar